| 000 | 00694nam a22001817a 4500 | ||
|---|---|---|---|
| 999 |
_c14975 _d14975 |
||
| 003 | OSt | ||
| 082 | _2631.75 807 AKH/DE | ||
| 088 | _aP 327 | ||
| 100 |
_aAKHILA TOM THEKKANADY _aSHAHEEMATH SUHARA K.K _aVIDHYA C _93842 |
||
| 245 | _aDevelopment and evaluation of a vertical farming structure | ||
| 260 |
_aTavanur 2016 _bDepartment of Land & Water Resources and Conservation Engineering |
||
| 300 | _a67 | ||
| 500 | _aDevelopment and evaluation of a vertical farming structure | ||
| 520 | _aDevelopment and evaluation of a vertical farming structure | ||
| 700 |
_aEr. Priya G. Nair (Guide) _93444 |
||
| 856 | _uhttps://drive.google.com/open?id=1Ssz-NDHIDuSgm40_zfwAobdJeDJoI_Bp | ||
| 942 | _cPR | ||